000 00583nam a22002297a 4500
001 32030
003 BD-RjUL
005 20220309112339.0
008 140423s2000 bg |||| |||| 000 0 eng d
020 _c: Tk. 200.00
035 _a(BD-RjUL) 32119
040 _aBD-RjUL
_beng
_cBD-RjUL
041 _aeng
082 0 4 _a174.4
_bKHB 2000
100 1 _aKhan A. R
_980863
245 1 _aBusiness Ethics /
_c A. R Khan
250 _a1st ed.
260 _aDhaka :
_bRubi Publications,
_c2000.
300 _a206, [1] p. ;
_c24 cm.
650 0 _aBusiness ethics.
_997497
942 _2ddc
_cBK
999 _c32030
_d32030